| 000 | 00646cam a22002291 4500 | ||
|---|---|---|---|
| 001 | sa 68004734 | ||
| 003 | DLC | ||
| 005 | 20260227112503.0 | ||
| 008 | 890605s1968 ii b 000 0 hino | ||
| 010 | _asa 68004734 | ||
| 035 | _a(OCoLC)19820174 | ||
| 040 |
_aDLC _cWaU _dNRU _dDLC |
||
| 042 | _apremarc | ||
| 050 | 0 | 0 |
_aPK1931 _b.S64 |
| 100 | 1 |
_aSolaṅkī, Komalasiṃha, _d1927- |
|
| 245 | 1 | 0 | _aBhāshā kī utpattī tathā Hindī aura usakī boliyām̐. |
| 260 |
_aDillī, _bUmeśa Prakāśana _c[1968] |
||
| 300 |
_a139 p. _c18 cm. |
||
| 500 | _aIn Hindi. | ||
| 504 | _aBibliographical footnotes. | ||
| 650 | 0 |
_aHindi language _xHistory. |
|
| 999 |
_c80305 _d80305 |
||